000 00462nab a2200145Ia 4500
003 ES-SlBCS
005 20210601125514.0
008 140529s1998 xxu||||| |||| 00| 0 eng d
041 _aeng
100 1 _aCain, Peter
_9159488
245 0 0 _aWas it Worth Having? The British Empire 1850-1950
_c Peter Cain
650 0 4 _aImperio Británico-Valoración
_9159489
773 0 _tRevista de Historia Economica
_gvol. 16, nº. 1, 1998, págs. 351-376
_wRev701
942 _cAR
999 _c531395
_d531395